| Tag |
First Indicator |
Second Indicator |
Subfields |
| LEADER |
00000cam a2200000 4500 |
| 001 |
in00000042108 |
| 005 |
20151007070739.0 |
| 008 |
800531s1878 enkab h 00010 eng c |
| 010 |
|
|
|a gs 07000106
|
| 035 |
|
|
|a (OCoLC)06375281
|
| 035 |
|
|
|9 AAE4630AM
|
| 040 |
|
|
|a Library, U.S. Geological Survey
|c TXA
|d UtOrBLW
|
| 049 |
|
|
|a TXAM
|c [463641]
|
| 090 |
|
|
|a QE261
|b .R2
|
| 092 |
|
|
|a 554.2
|b R178p, 1878
|
| 100 |
1 |
|
|a Ramsay, Andrew Crombie,
|c Sir,
|d 1814-1891.
|
| 245 |
1 |
4 |
|a The physical geology and geography of Great Britain :
|b a manual of British geology /
|c By A. C. Ramsay ...
|
| 250 |
|
|
|a 5th ed.
|
| 264 |
|
1 |
|a London :
|b E. Stanford,
|c 1878.
|
| 300 |
|
|
|a xv, 639 pages :
|b frontispiece (map) illustrations, diagrams ;
|c 21 cm.
|
| 336 |
|
|
|a text
|b txt
|2 rdacontent
|
| 337 |
|
|
|a unmediated
|b n
|2 rdamedia
|
| 338 |
|
|
|a volume
|b nc
|2 rdacarrier
|
| 650 |
|
0 |
|a Geology
|z Great Britain.
|
| 999 |
|
|
|a MARS
|
| 999 |
f |
f |
|s cc71491f-d8ea-3735-bd6f-83465118c739
|i a377607e-58ad-305c-b2b6-8fb8a29cfdd5
|t 0
|
| 952 |
f |
f |
|p ric
|a Texas A&M University
|b Rellis Campus
|c Joint Library Facility
|d Remote Storage
|t 0
|e QE261 .R2
|h Library of Congress classification
|i unmediated -- volume
|m A14800959670
|
| 998 |
f |
f |
|a QE261 .R2
|t 0
|l Remote Storage
|